[Event "Mecklenburg VP Verbandsliga 2223"]
[Site "Mecklenburg VP"]
[Date "2023.05.07"]
[Round "9.6"]
[White "Pawlicz, Dariusz"]
[Black "Menkhaus, Wolf Dieter"]
[Result "1/2-1/2"]
[WhiteElo "1613"]
[BlackElo "1908"]
[PlyCount "68"]
[EventDate "2022.10.23"]
[EventType "team-tourn"]
[EventRounds "9"]
[EventCountry "GER"]
[SourceTitle "EXT 2024"]
[Source "ChessBase"]
[SourceDate "2023.10.10"]
[SourceVersion "1"]
[SourceVersionDate "2023.10.10"]
[SourceQuality "1"]
[WhiteTeam "Torgelow Droegeheide II"]
[BlackTeam "Rostock SSC 07"]
[WhiteTeamCountry "GER"]
[BlackTeamCountry "GER"]

1. e4 e5 2. Nc3 Nf6 3. f4 exf4 4. e5 Ng8 5. d4 Qh4+ 6. Ke2 c6 7. Nf3 Qg4 8. g3 d5 9. gxf4 Qh5 10. Kf2 Bg4 11. Bg2 Be7 12. Ne2 Nh6 13. Ng3 Qg6 14. Be3 Nf5 15. Qd2 h5 16. Rhg1 h4 17. Nxf5 Qxf5 18. h3 Bh5 19. Rac1 Na6 20. a3 Nc7 21. Bf1 Ne6 22. c4 g5 23. cxd5 cxd5 24. Qd3 Qxd3 25. Bxd3 gxf4 26. Bd2 Bxf3 27. Kxf3 Nxd4+ 28. Kxf4 Nb3 29. Rcd1 Nxd2 30. Rxd2 Rc8 31. Bb5+ Kf8 32. Rxd5 Rc7 33. Rgd1 Kg7 34. Rg1+ Kf8 1/2-1/2

[Event "Mecklenburg VP LL2 West 2223"]
[Site "Mecklenburg VP"]
[Date "2022.12.11"]
[Round "4.2"]
[White "Hornecker, Siegfried"]
[Black "Menkhaus, Wolf Dieter"]
[Result "1/2-1/2"]
[WhiteElo "2010"]
[BlackElo "1899"]
[PlyCount "63"]
[EventDate "2022.10.23"]
[EventType "team-tourn"]
[EventRounds "9"]
[EventCountry "GER"]
[SourceTitle "EXT 2024"]
[Source "ChessBase"]
[SourceDate "2023.10.10"]
[SourceVersion "1"]
[SourceVersionDate "2023.10.10"]
[SourceQuality "1"]
[WhiteTeam "Guestrow/Teterow II"]
[BlackTeam "Rostock SSC 07 II"]
[WhiteTeamCountry "GER"]
[BlackTeamCountry "GER"]

1. e4 e5 2. Nf3 Nf6 3. d4 Nxe4 4. Nxe5 d5 5. Bd3 Nc6 6. Bb5 Bd7 7. Nxd7 Qxd7 8. 0-0 Be7 9. Re1 0-0 10. Nd2 Nxd2 11. Bxd2 Bd6 12. Qh5 Rfe8 13. Kf1 Bf8 14. c4 a6 15. Bxc6 bxc6 16. Rxe8 Rxe8 17. c5 g6 18. Qf3 Bg7 19. Qd3 Qc8 20. Re1 Rxe1+ 21. Bxe1 Qb7 22. Bc3 Qb5 23. Ke2 Kf8 24. Qxb5 cxb5 25. c6 Ke8 26. g4 Bf8 27. Kd3 Bd6 28. h3 Ke7 29. Bd2 Bh2 30. Bb4+ Bd6 31. Bd2 Bh2 32. Bb4+ 1/2-1/2

[Event "Mecklenburg VP LL2 Ost 2122"]
[Site "Mecklenburg VP"]
[Date "2021.10.24"]
[Round "1.2"]
[White "Menkhaus, Wolf Dieter"]
[Black "Schmidt, Paul1111"]
[Result "0-1"]
[WhiteElo "1902"]
[BlackElo "1849"]
[PlyCount "120"]
[EventDate "2021.10.24"]
[EventType "team-tourn"]
[EventRounds "9"]
[EventCountry "GER"]
[SourceTitle "EXT 2024"]
[Source "ChessBase"]
[SourceDate "2023.10.10"]
[SourceVersion "1"]
[SourceVersionDate "2023.10.10"]
[SourceQuality "1"]
[WhiteTeam "Rostock SSC 07 II"]
[BlackTeam "Torgelow Droegeheide II"]
[WhiteTeamCountry "GER"]
[BlackTeamCountry "GER"]

1. d4 Nf6 2. c4 c5 3. d5 e6 4. Nc3 exd5 5. cxd5 d6 6. e4 g6 7. Nf3 Bg7 8. Bd3 0-0 9. Bg5 Re8 10. 0-0 a6 11. a4 b6 12. Re1 Ra7 13. h3 Rae7 14. Qd2 Nbd7 15. Rab1 Qc7 16. b3 Bb7 17. Bc2 Ne5 18. Nxe5 Rxe5 19. Rbd1 Rc8 20. Bd3 Nh5 21. g4 Rxg5 22. Qxg5 Bxc3 23. gxh5 Bxe1 24. Rxe1 Re8 25. hxg6 hxg6 26. f4 Qe7 27. Rf1 Kg7 28. Qxe7 Rxe7 29. Kg2 f5 30. Kf3 Kf6 31. h4 Rh7 32. Kg3 fxe4 33. Bxe4 Rh5 34. Rd1 Bc8 35. Bf3 Rh7 36. Re1 Re7 37. Rxe7 Kxe7 38. Be2 Kf6 39. Bd3 Bb7 40. Be4 a5 41. Kf3 Ba6 42. Ke3 c4 43. Kd4 cxb3 44. Kc3 b5 45. axb5 Bxb5 46. Kxb3 Bd7 47. Kc4 Bf5 48. Bf3 a4 49. Kb4 Bc2 50. h5 gxh5 51. Bxh5 Kf5 52. Be8 Kxf4 53. Bxa4 Bxa4 54. Kxa4 Ke4 55. Kb3 Kxd5 56. Kc3 Ke5 57. Kd2 Ke4 58. Kd1 Ke3 59. Ke1 d5 60. Kd1 d4 0-1

[Event "MVP-ch Seniors op 17th"]
[Site "Binz"]
[Date "2017.12.03"]
[Round "5.55"]
[White "Menkhaus, Wolf Dieter"]
[Black "Schwarzwald, Holger"]
[Result "1-0"]
[WhiteElo "1913"]
[BlackElo "1717"]
[PlyCount "59"]
[EventDate "2017.11.29"]
[EventType "swiss"]
[EventRounds "9"]
[EventCountry "GER"]
[SourceTitle "EXT 2019"]
[Source "ChessBase"]
[SourceDate "2018.10.10"]
[SourceVersion "1"]
[SourceVersionDate "2018.10.10"]
[SourceQuality "1"]

1. d4 d5 2. c4 e6 3. Nc3 Nf6 4. Nf3 Be7 5. Bg5 0-0 6. e3 h6 7. Bh4 b6 8. Rc1 Bb7 9. cxd5 Nxd5 10. Bxe7 Nxe7 11. Bd3 Nd7 12. Ne4 Nd5 13. 0-0 f5 14. Ned2 Rf6 15. Nc4 Rg6 16. g3 Nb4 17. Bb1 Qf8 18. Nce5 Nxe5 19. Nxe5 Rg5 20. f4 Rg4 21. Nxg4 fxg4 22. Qxg4 Nd5 23. Qxe6+ Kh8 24. Qg6 Nf6 25. Rxc7 Rb8 26. Rfc1 Bd5 27. Rxa7 Bg8 28. Rcc7 Ne8 29. Rxg7 Nxg7 30. Qxh6+ 1-0

[Event "MVP-ch Seniors op 17th"]
[Site "Binz"]
[Date "2017.11.30"]
[Round "2.53"]
[White "Helass, Ingo"]
[Black "Menkhaus, Wolf Dieter"]
[Result "0-1"]
[WhiteElo "1492"]
[BlackElo "1913"]
[PlyCount "57"]
[EventDate "2017.11.29"]
[EventType "swiss"]
[EventRounds "9"]
[EventCountry "GER"]
[SourceTitle "EXT 2019"]
[Source "ChessBase"]
[SourceDate "2018.10.10"]
[SourceVersion "1"]
[SourceVersionDate "2018.10.10"]
[SourceQuality "1"]

1. d4 Nf6 2. c4 c5 3. e3 e6 4. Nf3 Nc6 5. Be2 cxd4 6. exd4 d6 7. 0-0 Be7 8. Nc3 a6 9. Re1 0-0 10. a3 Qc7 11. h3 d5 12. cxd5 exd5 13. Bd3 h6 14. Bd2 b5 15. Rc1 Qb6 16. Ne2 Bd6 17. Be3 Qb7 18. Qd2 Ne4 19. Bxe4 dxe4 20. Rxc6 Qxc6 21. Ne5 Bxe5 22. dxe5 f5 23. Nd4 Qe8 24. Bf4 Kh7 25. Rc1 Bd7 26. Rc7 Rf7 27. Rxd7 Rxd7 28. e6 Rxd4 29. Qxd4 0-1

[Event "Mecklenburg VP LL2 Ost 1718"]
[Site "Mecklenburg VP"]
[Date "2017.11.12"]
[Round "2.1"]
[White "Menkhaus, Wolf Dieter"]
[Black "Armbruester, Clemens"]
[Result "1/2-1/2"]
[WhiteElo "1832"]
[BlackElo "1706"]
[PlyCount "24"]
[EventDate "2017.10.08"]
[EventType "team-tourn"]
[EventRounds "9"]
[EventCountry "GER"]
[SourceTitle "EXT 2022"]
[Source "ChessBase"]
[SourceDate "2021.10.06"]
[SourceVersion "1"]
[SourceVersionDate "2021.10.06"]
[SourceQuality "1"]
[WhiteTeam "Rostock SSC 07 II"]
[BlackTeam "Guestrow/Teterow II"]
[WhiteTeamCountry "GER"]
[BlackTeamCountry "GER"]

1. d4 d5 2. c4 c6 3. Nc3 e6 4. e3 Nf6 5. Nf3 Nbd7 6. Qc2 a6 7. a4 Qa5 8. Bd2 Bb4 9. c5 b6 10. cxb6 Qxb6 11. Be2 c5 12. 0-0 Bb7 1/2-1/2

[Event "Rostock SSC op 16th"]
[Site "Rostock"]
[Date "2017.07.29"]
[Round "6"]
[White "Schubert, Nikita"]
[Black "Menkhaus, Wolf Dieter"]
[Result "1-0"]
[WhiteElo "1765"]
[BlackElo "1936"]
[PlyCount "91"]
[EventDate "2017.07.26"]
[EventType "swiss"]
[EventRounds "7"]
[EventCountry "GER"]
[SourceTitle "EXT 2018"]
[Source "ChessBase"]
[SourceDate "2017.10.13"]
[SourceVersion "1"]
[SourceVersionDate "2017.10.13"]
[SourceQuality "1"]

1. e4 e5 2. Nf3 Nf6 3. Nxe5 d6 4. Nf3 Nxe4 5. Nc3 Nxc3 6. dxc3 Be7 7. Be3 Nc6 8. Qd2 0-0 9. 0-0-0 a5 10. Be2 a4 11. Rdg1 Ra5 12. g4 Be6 13. Kb1 Ne5 14. Nxe5 dxe5 15. Qxd8 Rxd8 16. f3 b5 17. Rd1 Rb8 18. Bd2 c5 19. a3 g5 20. Bd3 Ra7 21. Rhe1 f6 22. Bf5 Bc4 23. Ka1 b4 24. Rb1 Bd5 25. Be4 Rd7 26. Be3 b3 27. Rbd1 Rbd8 28. Bxd5+ Rxd5 29. Rxd5 Rxd5 30. c4 Rd7 31. Kb1 Kf7 32. Kc1 bxc2 33. Kxc2 Ke6 34. Rd1 Rxd1 35. Kxd1 f5 36. Kd2 e4 37. fxe4 fxg4 38. Kd3 h6 39. Bf2 Bd6 40. Ke3 Bxh2 41. b3 Be5 42. bxa4 g3 43. Bg1 Bd4+ 44. Kf3 Bxg1 45. a5 Kd7 46. e5 1-0

[Event "Rostock SSC 07 op 15th"]
[Site "Rostock"]
[Date "2016.07.29"]
[Round "5"]
[White "Menkhaus, Wolf Dieter"]
[Black "Ivanov, Sergey"]
[Result "1/2-1/2"]
[WhiteElo "1898"]
[BlackElo "1797"]
[PlyCount "57"]
[EventDate "2016.07.27"]
[EventType "swiss"]
[EventRounds "7"]
[EventCountry "GER"]
[SourceTitle "EXT 2017"]
[Source "ChessBase"]
[SourceDate "2016.10.25"]
[SourceVersion "1"]
[SourceVersionDate "2016.10.25"]
[SourceQuality "1"]

1. d4 f5 2. e4 fxe4 3. Nc3 Nf6 4. f3 Nc6 5. fxe4 d6 6. Bg5 Bg4 7. Nf3 h6 8. Be3 Qd7 9. h3 Bh5 10. Be2 a6 11. d5 Na7 12. Qd2 e5 13. dxe6 Qxe6 14. Bd3 Nc6 15. 0-0-0 0-0-0 16. Rde1 g5 17. Nd4 Nxd4 18. Bxd4 Bg7 19. Rhf1 Rhf8 20. e5 dxe5 21. Bf5 Qxf5 22. Rxf5 Rxd4 23. Qf2 Bg6 24. Rfxe5 Rfd8 25. Rd1 Rxd1+ 26. Nxd1 Ng4 27. hxg4 Bxe5 28. Qa7 Bf4+ 29. Ne3 1/2-1/2

[Event "Mecklenburg VP LL2 Ost 1516"]
[Site "Mecklenburg VP"]
[Date "2016.04.24"]
[Round "9.4"]
[White "Menkhaus, Wolf Dieter"]
[Black "Hollender, Dirk"]
[Result "1/2-1/2"]
[WhiteElo "1828"]
[BlackElo "1679"]
[PlyCount "29"]
[EventDate "2015.09.20"]
[EventType "team-tourn"]
[EventRounds "9"]
[EventCountry "GER"]
[SourceTitle "EXT 2022"]
[Source "ChessBase"]
[SourceDate "2021.10.06"]
[SourceVersion "1"]
[SourceVersionDate "2021.10.06"]
[SourceQuality "1"]
[WhiteTeam "Rostock SSC 07 III"]
[BlackTeam "Neubrandenburg SG Eintracht III"]
[WhiteTeamCountry "GER"]
[BlackTeamCountry "GER"]

1. d4 d5 2. c4 e6 3. Nc3 c6 4. Nf3 dxc4 5. a4 Bb4 6. e3 b5 7. Bd2 a5 8. axb5 Bxc3 9. Bxc3 cxb5 10. b3 Bb7 11. bxc4 b4 12. Bb2 Nf6 13. Be2 Nbd7 14. 0-0 0-0 15. Qc2 1/2-1/2

[Event "MVP-ch Seniors op 15th"]
[Site "Binz"]
[Date "2015.12.01"]
[Round "8.38"]
[White "Menkhaus, Wolf Dieter"]
[Black "Bussler, Juergen"]
[Result "1/2-1/2"]
[WhiteElo "1846"]
[BlackElo "1765"]
[PlyCount "24"]
[EventDate "2015.11.24"]
[EventType "swiss"]
[EventRounds "9"]
[EventCountry "GER"]
[SourceTitle "EXT 2017"]
[Source "ChessBase"]
[SourceDate "2016.10.25"]
[SourceVersion "1"]
[SourceVersionDate "2016.10.25"]
[SourceQuality "1"]

1. d4 d5 2. c4 c6 3. Nf3 Nf6 4. Nc3 e6 5. e3 Nbd7 6. Bd3 Bb4 7. Qc2 dxc4 8. Bxc4 Qc7 9. e4 0-0 10. 0-0 e5 11. Re1 exd4 12. Nxd4 Ne5 1/2-1/2

[Event "MVP-ch Seniors op 15th"]
[Site "Binz"]
[Date "2015.11.26"]
[Round "3.40"]
[White "Peter, Volkhard"]
[Black "Menkhaus, Wolf Dieter"]
[Result "1/2-1/2"]
[WhiteElo "1643"]
[BlackElo "1846"]
[PlyCount "58"]
[EventDate "2015.11.24"]
[EventType "swiss"]
[EventRounds "9"]
[EventCountry "GER"]
[SourceTitle "EXT 2017"]
[Source "ChessBase"]
[SourceDate "2016.10.25"]
[SourceVersion "1"]
[SourceVersionDate "2016.10.25"]
[SourceQuality "1"]

1. e4 e5 2. f4 exf4 3. Bc4 Qh4+ 4. Kf1 Nf6 5. Nf3 Qh6 6. Nc3 Nc6 7. d4 Bb4 8. Ne5 0-0 9. Ne2 Nxe5 10. dxe5 Ng4 11. Bxf4 Ne3+ 12. Bxe3 Qxe3 13. Qd3 Bc5 14. Qxe3 Bxe3 15. Rd1 Rb8 16. Rd3 b5 17. Bb3 Bc5 18. Rd5 Be7 19. g3 a5 20. c3 a4 21. Bc2 a3 22. b3 d6 23. exd6 cxd6 24. Nd4 Bd7 25. e5 Rfc8 26. exd6 Bf6 27. Bf5 Bxf5 28. Nxf5 Kf8 29. Kg2 g6 1/2-1/2